000 00758nam a2200229 a 4500
003 CO-ViMGA
005 20230915233127.0
008 110214s2010 pe a gr 0011pdspa d
020 _a9788420404967
040 _aCO-ViMGA
_bspa
_cCO-ViMGA
043 _as-cl---
082 0 4 _aCh861.6
_bN37a10
_220
100 1 _aNeruda, Pablo,
_d1904-1973.
_93076
245 1 0 _aAntología general /
_cPablo Neruda.
260 _aLima :
_bReal Academia Española ; Asociación de Academias de la Lengua Española ; Alfaguara,
_c2010.
300 _acx, 714 p. :
_bil. ;
_c21 cm.
500 _aEdición Conmemorativa.
504 _aIncluye bibliografía e índice.
650 1 4 _aPoesía amorosa chilena.
_93078
650 1 4 _aPoesía chilena.
_93077
942 _2ddc
_cBK
999 _c35415
_d35415